Which Superhero? - Statistics

General Stats
  • This quiz has been taken 1,765 times
  • The average score is 10 of 14
Answer Stats
Answer % Correct
Web-slinger Spider-Man
96%
The fastest man alive Flash
95%
King of Atlantis (DC) Aquaman
88%
The blind "man without fear" Daredevil
88%
Vibranium Alloy shield Captain America
85%
Archer who works with Dinah Lance Green Arrow
82%
Becomes Phoenix and Dark Phoenix Jean Grey
78%
X-man known for his playing cards Gambit
74%
Has ablative and extremis armors Iron Man
73%
Doom's opposition (Group) Fantastic Four
64%
Spirit of Vengeance Ghost Rider
58%
"I am the Law" Judge Dredd
35%
Intangible X-man Shadowcat
30%
Assassin of The Hand Elektra
27%
No matching quizzes found
Score Distribution
Percent of People with Each Score
Percentile by Number Answered
Your Score History
You have not taken this quiz